000 00536nam a22001577a 4500
003 macl
005 20200213131517.0
008 200213b xxu||||| |||| 00| 0 eng d
040 _cmacl
082 _a370
100 _aशर्मा ,बीना
_978169
245 _aहिन्‍दी शिक्षण का अंतरराष्‍ट्रीय परिप्रेक्ष्‍य
260 _aदिल्‍ली
_bनयी किताब
_c2017
650 _aशिक्षा
_978170
942 _2ddc
_cHIN
999 _c62051
_d62051